|
|
|
|
| LEADER |
00000nab a2200000 a 4500 |
| 001 |
vtls000686934 |
| 003 |
SK-MaSNL |
| 005 |
20260303121730.0 |
| 008 |
161006c1999 xo 0 slo |
| 015 |
|
|
|a SNBRB1999/02-03657
|
| 035 |
|
|
|a CLN000039101
|
| 040 |
|
|
|a SNKBUCL
|b slo
|c SNKBUCL
|e AACR2
|
| 041 |
0 |
|
|a slo
|
| 044 |
|
|
|a xo
|c SK
|
| 080 |
|
|
|a 614.27(437.6):615.2
|2 1997
|
| 080 |
|
|
|a 615:2:614.27(437.6)
|2 1997
|
| 100 |
1 |
|
|a Majtás, Ján,
|d 1947-
|4 aut
|9 13742
|
| 245 |
1 |
0 |
|a Štruktúry preferencií v skupine voľnopredajných liekov
|c J. Majtás, V. Špringer, T. Péterová
|
| 300 |
|
|
|b Grafy, tab.
|
| 504 |
|
|
|a Res. slov.
|
| 504 |
|
|
|a Bibliogr. odkazy
|
| 650 |
0 |
7 |
|a voľnopredajné lieky
|2 snkbucl
|9 106191
|
| 655 |
|
7 |
|a články z novín a časopisov
|2 snkbucl
|9 267496
|
| 700 |
1 |
|
|a Špringer, Vladimír,
|d 1933-2009
|4 aut
|9 196745
|
| 700 |
1 |
|
|a Péterová, Tímea
|4 aut
|9 1135568
|
| 773 |
0 |
|
|t Slovakofarma revue
|g Roč. 9, č. 1 (1999), s. 27-33
|
| 850 |
|
|
|a Slovenská národná knižnica v Martine
|
| 852 |
|
|
|a SNK
|b KIS3GCP
|
| 958 |
|
|
|a NB
|
| 958 |
|
|
|a SK
|
| 958 |
|
|
|a RBX
|
| 999 |
|
|
|c 1917420
|d 1919350
|